| 000 | 00681nam a2200217 a 4500 | ||
|---|---|---|---|
| 999 |
_c2336 _d2336 |
||
| 001 | 2336 | ||
| 003 | BD-JhCC | ||
| 005 | 20171101120115.0 | ||
| 008 | 171101s1986 bg |||| ||b| 000 0 ben d | ||
| 035 | _a(BD-JhCC)2336 | ||
| 040 |
_aBD-JhCC _dBD-JhCC |
||
| 041 | _aben | ||
| 082 |
_a520 _bJAB 1986 |
||
| 100 | _aজব্বার, মোহাম্মদ আবদুল | ||
| 245 |
_aবিশ্ব ও সৌরজগৎ / _cমোহাম্মদ আবদুল জব্বার |
||
| 260 |
_aঢাকা : _bতথ্য ও প্রকাশনা অফিস, _c1986. |
||
| 300 |
_a266 p. : _c22 cm. |
||
| 650 | _aAstronomy | ||
| 942 |
_2ddc _cBK |
||